| Tag |
First Indicator |
Second Indicator |
Subfields |
| LEADER |
00000cam a2200000 4500 |
| 001 |
in00000068565 |
| 005 |
20151008050232.0 |
| 008 |
720413s1957 nyu 00000 eng u |
| 010 |
|
|
|a 56012621
|
| 035 |
|
|
|a (OCoLC)00283783
|
| 035 |
|
|
|9 AAG0103AM
|
| 040 |
|
|
|c YNG
|d TXA
|d UtOrBLW
|
| 049 |
|
|
|a TXAM
|c [280454]
|
| 050 |
|
0 |
|a D21.5
|b .P4 1957
|
| 092 |
|
|
|a 320.1
|b P359w2
|
| 100 |
1 |
|
|a Pearcy, George Etzel,
|d 1905-
|
| 245 |
1 |
0 |
|a World political geography /
|c [by] G. Etzel Pearcy and associates. Political editor: N. Marbury Efimenco.
|
| 250 |
|
|
|a 2d ed.
|
| 264 |
|
1 |
|a New York :
|b Crowell,
|c [1957]
|
| 300 |
|
|
|a 734 pages :
|b illustrations
|
| 336 |
|
|
|a text
|b txt
|2 rdacontent
|
| 337 |
|
|
|a unmediated
|b n
|2 rdamedia
|
| 338 |
|
|
|a volume
|b nc
|2 rdacarrier
|
| 650 |
|
0 |
|a World politics.
|
| 650 |
|
0 |
|a Geopolitics.
|
| 999 |
|
|
|a MARS
|
| 999 |
f |
f |
|s 19454242-9532-3d3c-aa0e-a0443ea362b4
|i cca9187b-2099-3a87-9e89-80c305e8c488
|t 0
|
| 952 |
f |
f |
|p ric
|a Texas A&M University
|b Rellis Campus
|c Joint Library Facility
|d Remote Storage
|t 0
|e D21.5 .P4 1957
|h Library of Congress classification
|i unmediated -- volume
|m A14800657668
|
| 998 |
f |
f |
|a D21.5 .P4 1957
|t 0
|l Remote Storage
|